Příspěvek k diskusi o sociálním charakteru ČR
Vybrané problémy sociálnej situácie ČR. Vzťahy medzi sociálnou a hospodárskou politikou. Sociálno-trhové hospodárstvo a jeho podstata. Problematika účasti štátu v sociálnej politike. Sociálna politika v Česku.
Saved in:
| Main Author: | |
|---|---|
| Format: | Book Chapter |
| Language: | Czech |
| Subjects: | |
| Tags: |
No Tags, Be the first to tag this record!
|
MARC
| LEADER | 00000naa a2200000 4500 | ||
|---|---|---|---|
| 001 | r016978 | ||
| 005 | 20220928112758.0 | ||
| 041 | 0 | |a cze | |
| 044 | |a CZ | ||
| 245 | 1 | 0 | |a Příspěvek k diskusi o sociálním charakteru ČR |c Jana Žižková |
| 520 | |a Vybrané problémy sociálnej situácie ČR. Vzťahy medzi sociálnou a hospodárskou politikou. Sociálno-trhové hospodárstvo a jeho podstata. Problematika účasti štátu v sociálnej politike. Sociálna politika v Česku. | ||
| 610 | 2 | 0 | |a politika sociálna |
| 610 | 2 | 0 | |a štát |
| 610 | 2 | 0 | |a hospodárstvo trhové |
| 610 | 2 | 0 | |a Európa |
| 610 | 2 | 0 | |a Česko |
| 610 | 2 | 0 | |a politika hospodárska |
| 610 | 2 | 0 | |a systémy sociálno-ekonomické |
| 610 | 2 | 0 | |a mechanizmus trhový |
| 100 | 1 | |a Žižková, Jana | |